LIBRARY & INFORMATION CENTRE, KCAET, TAVANUR

ONLINE PUBLIC ACCESS CATALOGUE (OPAC)

Numerical groundwater hydrology (Record no. 13944)

MARC details
000 -LEADER
fixed length control field 00274nam a22001097a 4500
020 ## - INTERNATIONAL STANDARD BOOK NUMBER
ISBN 9798187972272
082 ## - DEWEY DECIMAL CLASSIFICATION NUMBER
Classification number 551.49
Item number RAS/NU
100 ## - MAIN ENTRY--AUTHOR NAME
Personal name Rastogi, A.K
245 ## - TITLE STATEMENT
Title Numerical groundwater hydrology
260 ## - PUBLICATION, DISTRIBUTION, ETC. (IMPRINT)
Place of publication Mumbai
Name of publisher Penram International Publishing
Year of publication 2007
942 ## - ADDED ENTRY ELEMENTS (KOHA)
Koha item type Books
Holdings
Withdrawn status Lost status Damaged status Collection code Home library Current library Shelving location Date acquired Source of acquisition Cost, normal purchase price Full call number Accession Number Koha item type
      Non-fiction KAUAET KAUAET General Stacks 30/03/2013 Calicut Book Distributors 450.00 551.49 RAS/NU 23728 Books
free website counter